Psychologie lidské komunikace

Bibliographic Details
Main Author: Vybíral, Zbyněk, 1961- (Author)
Format: Book
Language:Czech
PhysicalDescription:263 s. ilustr., tab.
Published: Praha Portál 2000
ISBN:8071782912
Edition:1. vyd.
Subjects:

MARC

LEADER 00000nam a2200000 a 4500
001 vtls008180777
003 SK-MaSNL
005 20260302074036.0
008 240318s2000 xr a 001 0 cze
020 |a 8071782912 
035 |a SPKKN17178 
040 |a SNK  |b slo  |c SNK  |e AACR2 
041 |a cze 
044 |a CZ 
080 |a 316.77  |2 1981 
100 1 |a Vybíral, Zbyněk,  |d 1961-  |4 aut  |9 106812 
245 1 0 |a Psychologie lidské komunikace  |c Zbyněk Vybíral 
250 |a 1. vyd. 
260 |a Praha  |b Portál  |c 2000 
300 |a 263 s.  |b ilustr., tab. 
504 |a Bibliogr. odkazy, reg. 
650 0 7 |a interakcia  |2 snk  |9 739182 
650 0 7 |a spoločenské vzťahy  |2 snk  |9 49848 
650 0 7 |a sociálna komunikácia  |2 snk  |9 1396 
650 0 7 |a psychológia  |2 snk  |9 807 
655 7 |a štúdie  |2 snk  |9 57033 
919 |a 80-7178-291-2 
999 |c 1163393  |d 1165323 
952 |a SNK  |b SNK  |y VYP  |7 0  |p 17A0464645  |o snkID 97490  |i snk2005/18246  |8 3  |g 11.92  |0 0  |1 0  |4 0  |d 2005-11-02  |l 0  |r 2026-02-24 20:40:18  |w 2026-02-24 
952 |t snkVYB 316.77   |a SNKUST  |b SNKUST  |y PREZ  |7 0  |p 17A0464979  |o snkID 97490 D1  |i snk2006/4171  |8 3  |g 13.24  |0 0  |1 0  |4 0  |d 2006-02-27  |l 0  |r 2025-04-28 00:00:00  |w 2026-02-24